MARC details
| 000 -CABECERA |
| campo de control de longitud fija |
02137nam a22002777a 4500 |
| 003 - IDENTIFICADOR DEL NÚMERO DE CONTROL |
| campo de control |
OSt |
| 005 - FECHA Y HORA DE LA ÚLTIMA TRANSACCIÓN |
| campo de control |
20260512153907.0 |
| 008 - DATOS DE LONGITUD FIJA--INFORMACIÓN GENERAL |
| campo de control de longitud fija |
251023b |||||||| |||| 00| 0 eng d |
| 022 ## - NÚMERO INTERNACIONAL NORMALIZADO PARA PUBLICACIONES SERIADAS |
| Número Internacional Normalizado para Publicaciones Seriadas |
0149-2063 |
| 040 ## - FUENTE DE LA CATALOGACIÓN |
| Centro catalogador/agencia de origen |
English |
| Centro/agencia transcriptor |
tbs |
| 041 ## - CÓDIGO DE LENGUA |
| Código de lengua del texto/banda sonora o título independiente |
English |
| 100 ## - ENTRADA PRINCIPAL--NOMBRE DE PERSONA |
| Nombre de persona |
Bundy, Jonathan |
| 9 (RLIN) |
26439 |
| 245 ## - MENCIÓN DE TÍTULO |
| Título |
Crises and Crisis Management |
| Resto del título |
: Integration, Interpretation, and Research Development |
| Mención de responsabilidad, etc. |
/ Jonathan Bundy, Michael D. Pfarrer, Cole E. Short and W. Timothy Coombs |
| 260 ## - PUBLICACIÓN, DISTRIBUCIÓN, ETC. |
| Nombre del editor, distribuidor, etc. |
Journal of Management |
| Fecha de publicación, distribución, etc. |
2016 |
| 362 ## - FECHAS DE PUBLICACIÓN Y/O DESIGNACIÓN SECUENCIAL |
| Fecha de publicación y/o designación secuencial |
Journal of Management Vol. XX No. X, Month XXXX 1 –32 DOI: 10.1177/0149206316680030 |
| 520 ## - SUMARIO, ETC. |
| Sumario, etc. |
Organizational research has long been interested in crises and crisis management. Whether focused on crisis antecedents, outcomes, or managing a crisis, research has revealed a number of important findings. However, research in this space remains fragmented, making it difficult for scholars to understand the literature’s core conclusions, recognize unsolved problems, and navigate paths forward. To address these issues, we propose an integrative framework of crises and crisis management that draws from research in strategy, organizational theory, and organizational behavior as well as from research in public relations and corporate communication. We identify two primary perspectives in the literature, one focused on the internal dynamics of a crisis and one focused on managing external stakeholders. We review core concepts from each perspective and highlight the commonalities that exist between them. Finally, we use our integrative framework to propose future research directions for scholars interested in crises and crisis management. |
| 653 ## - TÉRMINO DE INDIZACIÓN--NO CONTROLADO |
| Término no controlado |
Crisis management |
| 653 ## - TÉRMINO DE INDIZACIÓN--NO CONTROLADO |
| Término no controlado |
Organizational research |
| 653 ## - TÉRMINO DE INDIZACIÓN--NO CONTROLADO |
| Término no controlado |
Industrial organization (Economic theory) |
| 653 ## - TÉRMINO DE INDIZACIÓN--NO CONTROLADO |
| Término no controlado |
Corporate communications |
| 700 ## - ENTRADA AGREGADA--NOMBRE PERSONAL |
| Nombre de persona |
Pfarrer, Michael D. |
| 9 (RLIN) |
26440 |
| 700 ## - ENTRADA AGREGADA--NOMBRE PERSONAL |
| Nombre de persona |
Short, Cole E. |
| 9 (RLIN) |
26441 |
| 700 ## - ENTRADA AGREGADA--NOMBRE PERSONAL |
| Nombre de persona |
Coombs, W. Timothy |
| 9 (RLIN) |
5987 |
| 856 ## - LOCALIZACIÓN Y ACCESO ELECTRÓNICOS |
| Identificador Uniforme del Recurso |
<a href="https://bibliotheque.tbs-education.fr/Default/doc/bth/123471041/crises-and-crisis-management-integration-interpretation-and-research-development">https://bibliotheque.tbs-education.fr/Default/doc/bth/123471041/crises-and-crisis-management-integration-interpretation-and-research-development</a> |
| 942 ## - ELEMENTOS DE ENTRADA AGREGADA (KOHA) |
| Fuente del sistema de clasificación o colocación |
Clasificación de Library of Congress |